000 00837nam a22002177a 4500
999 _c20456
_d20456
003 AR-CdUCM
008 190530b ||||| |||| 00| 0 spa d
040 _aMUNICIPALIDAD PROVINCIAL DEL CUSCO
_cBIBLIOTECA MUNICIPAL DEL CUSCO
082 _a345.702 /
_bP86
_22ed,
100 _aCastro y Ferrándiz, Leonardo Prieto
_942773
245 _aModelos de actuaciones y escritos para la practica jurídica procesal /
260 _aZaragoza :
_bLabernia,
_c1959.
300 _a205 páginas ;
_c20 cm.
440 _aManual del derecho procesal civil
_942774
505 _aContenido: decreto resolutorio de conflicto -- Escrito promoviendo cuestión de competencia -- Poder para procuradores...
650 _aJurisdicción
_942775
650 _aCompetencia
_98954
650 _aPartes
_942776
942 _2ddc
_cLIBROS
945 _aJavier